El Amparo y las Audiencias, en el Proceso Penal Acusatorio y Juicio Oral

Detalles Bibliográficos
Autor principal: Jur̀ez Cacho, Angel
Formato: eBook
Lenguaje:español
Publicado: Coyoacǹ : Ral︢ Jur̀ez Carro Editorial, 2010
Materias:
Acceso en línea:http://www.vlex.com/source/7380

MARC

LEADER 00000nam a22000007a 4500
005 20130308093222.0
007 cr|||| ||||
008 130308e2010 mx |||||s|||| 00||0 spa d
020 |a 968-5478-26-0 
035 |a 7380 
040 |a vLex 
090 |c 3862  |d 3862 
100 1 0 |a Jur̀ez Cacho, Angel  
245 1 3 |a El Amparo y las Audiencias, en el Proceso Penal Acusatorio y Juicio Oral  |c / Angel Jur̀ez Cacho   |h [Recurso electrn̤ico]  
256 |a Servicio en ln̕ea 
260 |a Coyoacǹ :   |b Ral︢ Jur̀ez Carro Editorial,   |c 2010 
300 |a 1 Recurso electrn̤ico 
506 |d vLex Global  |d vLex Global (Academic Edition, excluding Law Schools)  |d vLex Global (U.S. Academic Edition, Law Schools)  |d vLex Global (U.S. Academic Edition, excluding Law Schools)  |d vLex Global (Academic Edition, Law Schools) 
650 0 4 |a Procedimiento penal  |z Mx̌ico 
650 0 4 |a Amparo 
740 |a vLex Libros (Servicio en ln̕ea) 
856 |a Acceso restringido  |u http://www.vlex.com/source/7380 
942 |c BOOK 
999 0 |a Criminal procedure